000 01423nam a2200373 i 4500
001 12599
003 KOSZ 005
005 20200213151610.0
008 071125s1966 pl a g 001 0 pol
015 _aPB 1966/7713
040 _aWA N
_cWA N
_dKOSZ 005/RW
_dKOSZ 005/HR
041 1 _apol
_hrus
046 _k1966
080 _a519.61/.64
245 0 0 _aMetody przybliżonych obliczeń /
_cG. N. Położy [et al.] ; pod red. G. N. Położego ; tł. z jęz. ros. Robert Konstanty Krzywiec.
246 1 _iTytuł oryginału:
_aMatematičeskij praktikum.
260 _aWarszawa :
_bWydawnictwa Naukowo-Techniczne,
_c1966.
300 _a487 stron :
_bilustracje ;
_c25 cm.
336 _aTekst
_btxt
_2rdacontent
337 _aBez urządzenia pośredniczącego
_bn
_2rdamedia
338 _aWolumin
_bnc
_2rdacarrier
380 _aKsiążki.
388 _a1901-2000
504 _aBibliografia przy rozdziałach. Indeks.
521 8 _aDla pracowników naukowych, inżynierów, fizyków i studentów.
658 _aMatematyka
650 4 _aAnaliza numeryczna
650 4 _aArytmetyka
700 1 _aPoložij, Georgij Nikolaevič.
_eRedakcja
700 1 _aKrzywiec, Robert Konstanty.
_eTłumaczenie
710 2 _aWydawnictwa Naukowo-Techniczne
_4pbl.
856 _uhttp://koha.tu.koszalin.pl/cgi-bin/koha/opac-detail.pl?biblionumber=12599
_yKatalog online BPK
942 _2UKD
_cKS
999 _c12599
_d12599